000 00765cab a2200241 4500
001 ABS49578
008 090401t1993 xxu||||| |||| 00| 0 eng d
035 _a(Sirsi) u71849
041 _aeng
100 _aRoberts, B.
245 _aStewards of the future
260 _c1993
350 _a0
490 _aLandscape Design
_v(224) October 1993, 9-21(11)
520 _aAs the Countryside Commission Countryside Stewardship Scheme enters its third year the authors contemplate the future and discuss the origins of the scheme. Includes case studies.
650 _aCOUNTRYSIDE COMMISSION
650 _aCOUNTRYSIDE STEWARDSHIP
650 _aLANDSCAPE CONSERVATION
690 _aRURAL PRACTICE
700 _aAllen, T.
942 _n0
948 _c04/03/1997
999 _c45322
_d45322